000 01343nam a22002897a 4500
999 _c65345
_d65345
005 20240530110820.0
008 190711s2019 ua a g b 000 0 ara d
017 _a11028
_bمصر. دار الكتب
020 _a9789773085599
040 _aEG-CaGPL
_cEG-CaGPL
082 0 4 _221
_a370.15/
_bع م
245 1 2 _aالمدرسة والمجتمع فى فكر التمدرس والاتمدرس :
_bدراسات مترجمة فى اصول التربية /
_cترجمة عصام الدين هلال، محمد ابراهيم المنوفى، اميرة عبدالسلام زايد
260 _aالقاهرة :
_bدار العلم والايمان للنشر والتوزيع،
_c2019.
300 _a239 ص. :
_bايض ؛
_c24 سم.
504 _aيشتمل على ارجاعات ببليوجرافية
650 0 7 _2qrmak
_aالتربية
650 0 7 _2qrmak
_aالتدريس والتعليم
650 0 7 _2qrmak
_aالتوجية التربوى
650 0 7 _2qrmak
_aعلم النفس التربوى
650 0 7 _2qrmak
_aالمدارس
651 _2qrmak
700 0 _aعصام الدين هلال
_eمترجم
700 0 _aمحمد ابراهيم المنوفى
_eمترجم مشارك
700 0 _aاميرة عبدالسلام زايد
_eمترجم مشارك
942 _2ddc
_cBK